[Event "Bhubaneswar op-A 14th"]
[Site "Bhubaneswar"]
[Date "2023.06.11"]
[Round "1"]
[White "Pawar, Harshit"]
[Black "Mitul, KH."]
[Result "0-1"]
[WhiteElo "2115"]
[BlackElo "1686"]
[PlyCount "106"]
[EventDate "2023.06.11"]
[EventType "swiss"]
[EventRounds "10"]
[EventCountry "IND"]
[SourceTitle "EXT 2024"]
[Source "ChessBase"]
[SourceDate "2023.10.10"]
[SourceVersion "1"]
[SourceVersionDate "2023.10.10"]
[SourceQuality "1"]

1. e4 e5 2. Bc4 Nf6 3. d3 c6 4. Nf3 d5 5. Bb3 Bb4+ 6. Bd2 Bd6 7. Nc3 dxe4 8. Ng5 0-0 9. Ncxe4 Nxe4 10. Nxe4 Be7 11. Qh5 Nd7 12. 0-0-0 Nc5 13. Nxc5 Bxc5 14. d4 Qxd4 15. Be3 Qg4 16. Qxe5 Bxe3+ 17. Qxe3 Bf5 18. Qd4 Rfe8 19. Qxg4 Bxg4 20. f3 Be6 21. Bxe6 Rxe6 22. Rd7 Re2 23. Rhd1 h5 24. Rg1 b6 25. Rd6 c5 26. Rd2 Rae8 27. Kd1 R2e7 28. c4 g6 29. Kc2 Kg7 30. Rgd1 Re1 31. Rxe1 Rxe1 32. Kb3 Rc1 33. a3 Kf8 34. Rd7 Rg1 35. g3 Rg2 36. Rxa7 Rxh2 37. Rb7 Rf2 38. Rxb6 Rxf3+ 39. Ka4 Rxg3 40. b4 cxb4 41. axb4 h4 42. Rd6 h3 43. Rd1 h2 44. Rh1 Rg2 45. c5 Ke8 46. Kb5 Rb2 47. Rd1 Rd2 48. Rf1 g5 49. c6 Rc2 50. Kb6 g4 51. Re1+ Kf8 52. c7 g3 53. Kb7 g2 0-1